01328cam a2200301 a 450000100100000000500170001000800410002702000150006803500240008304000180010705000230012508200140014810000490016224501260021126000460033730000280038349000500041150400730046165100740053465100630060865100680067165100570073983000580079691000340085404900090088895201120089799900170100900001444520200929163843.0010508s2000 ck a b f000 0 spa  a9588052564 a(BoCbEI)la0101M0388 aDO-SdBNPcDLC00aF2291.M4bB58 2000 aNNbB562m1 aBetancur Gómez, Jorge Mario,d1964-93259210aMoscas de todos los colores :bhistoria del barrio de Guayaquil en Medellín, 1894-1934 /cJorge Mario Betancur Gómez. aColombia :bMinisterio de Cultura,c2000. a482 p. :bil. ;c21 cm.1 aPremios nacionales de cultura, 1998aHistoria aIncluye bibliografía: (p. 467-476) y nota al pie de las páginas. 0aGuayaquil (Medellin, Colombia{Rpara}xSocial Life And Customs.932593 0aMedellin (Colombia{Rpara}xSocial Life And Customs.932594 0aGuayaquil (Medellin, Colombia{Rpara}xSocial Conditions.932595 0aMedellin (Colombia{Rpara}xSocial Conditions.932596 0aPremios nacionales de cultura, 1998,pHistoria932597 aCatalogación por copia / LC aBNGR 001050718MOaGRbGRcCTd2009-12-15iLF1l0oNN B562mp14445-10r2020-06-25w2020-06-25y1ZNo se presta c14035d14035